00763nam a2200205 a 450000100100000000500170001000800410002702000150006804000250008308200150010810000230012324501030014626000640024930000210031350000350033470000430036904900090041295201190042199900170054000002585220200930024111.0110223s1979 mx r 000 0 spa d a968260088X aDO-SdBNPbspacBNPHU axxxxbxxxx1 aRiso, Ovid.95268610aManual de control de costos de publicidad /cOvid Riso ; traducción de Rosa Maria Ojeda de Soto. aMéxico, D. F. :bCompañia Editorial Continental,c1979. a439 p. ;c23 cm. aIncluye índice alfabético.1 aOjada de Soto, Rosa Maria,etr.952687 aBNGR 001054708MOaGRbGRcCTd2011-02-23iLF1l0oxxxx xxxxp25852-10r2020-06-25w2020-06-25y4ZPréstamo en sala c25344d25344